000 01060cam a2200265a 44500
003 OSt
005 20150408113759.0
008 030313s1979 ||| g 00000dara dd
040 _aMU
_bara
_cMB
041 _aعربي
072 _a089
_xالتاريخ العام للعرب والإسلام (يشمل الحضارة الإسلامية)
082 0 4 _a953
092 _a953
_bط ج ت
100 _aابن جرير الطبري، محمد بن جرير بن يزيد،
_d224-310 هـ.
_916625
245 0 0 _aصحيح وضعيف تاريخ الطبري /
_cأبو جعفر محمد بن جرير الطبري ؛ حققه محمد البرزنجي ؛ راجعه محمد حلاق.
250 _aط. 5.
260 _aدمشق :
_bدار ابن كثير،
_c2007
300 _a13 مج. ؛
_c24 سم.
650 7 _aالتاريخ الإسلامي
_2aucsh.
650 7 _aالحضارة الاسلامية
650 7 _aالملوك والحكام
_2aucsh.
700 1 _aالبرزنجي، محمد
_916626
700 1 _aحلاق، محمد
_93807
942 _2ddc
_cBOOK
999 _c4661
_d239161